Reichen die Gesetze aus, um den Konsumenten auf dem Psychomarkt zu schützen?

Gespeichert in:  
Bibliographische Detailangaben
1. VerfasserIn: Keltsch, Jürgen (Verfasst von)
Medienart: Druck Aufsatz
Sprache:Deutsch
Veröffentlicht: 1994
In: Psychomarkt - Sekten - destruktive Kulte
Jahr: 1994, Seiten: 141-169
Verfügbarkeit prüfen: HBZ Gateway
Schlagwörter:

MARC

LEADER 00000caa a22000002c 4500
001 1525872982
003 DE-627
005 20220604104730.0
007 tu
008 160223s1994 xx ||||| 00| ||ger c
020 |a 3925559701 
035 |a (DE-627)1525872982 
035 |a (DE-576)455872988 
035 |a (DE-599)BSZ455872988 
040 |a DE-627  |b ger  |c DE-627  |e rakwb 
041 |a ger 
100 1 |a Keltsch, Jürgen  |4 aut 
245 1 0 |a Reichen die Gesetze aus, um den Konsumenten auf dem Psychomarkt zu schützen?  |c Jürgen Keltsch 
264 1 |c 1994 
336 |a Text  |b txt  |2 rdacontent 
337 |a ohne Hilfsmittel zu benutzen  |b n  |2 rdamedia 
338 |a Band  |b nc  |2 rdacarrier 
773 0 8 |i In  |t Psychomarkt - Sekten - destruktive Kulte  |d Bonn : Dt. Psychologen Verl., 1994  |g (1994), Seite 141-169  |h 173 S  |w (DE-627)153467827  |w (DE-576)040574792  |z 3925559701  |7 nnam 
773 1 8 |g year:1994  |g pages:141-169 
935 |a mkri 
951 |a AR 
ELC |b 1 
LOK |0 000 xxxxxcx a22 zn 4500 
LOK |0 001 2899338889 
LOK |0 003 DE-627 
LOK |0 004 1525872982 
LOK |0 005 20260212081040 
LOK |0 008 160208||||||||||||||||ger||||||| 
LOK |0 040   |a DE-21-110  |c DE-627  |d DE-21-110 
LOK |0 689   |a s  |a Rechtspolitik 
LOK |0 689   |a s  |a Sekten 
LOK |0 689   |a s  |a Scientology 
LOK |0 852   |a DE-21-110 
LOK |0 852 1  |m p  |9 00 
LOK |0 935   |a k110 
LOK |0 938   |k p 
LOK |0 939   |a 08-02-16  |b l01 
ORI |a WA-MARC-krimdoka001.raw